000 00476nam a2200181Ia 4500
005 20250923144316.0
008 008 250917s9999 xx 000 0 eng d
037 _aTextual
040 _aDSWL
_beng
_cDSWL
041 _aeng
_2eng
084 _qDSWL
100 _aLindsay, A.D
_9823507
245 0 _aModern democratic state. part 1
_cby A.D Lindsay
260 _aLondon
_bOUP
_c1943
300 _a286 p.
942 _cTEXL
999 _c1437282
_d1437282